| 000 | 00398nam a2200169Ia 4500 | ||
|---|---|---|---|
| 005 | 20250617014706.0 | ||
| 008 | 240331s9999 xx 000 0 und d | ||
| 020 | _a9552028353 | ||
| 082 |
_bGAM _a306 |
||
| 100 | _aGamachchi, L | ||
| 245 | 0 | _aLingikathwaya ha vivahaya | |
| 260 |
_aColombo _bS. Godage & Brothers _c1998 |
||
| 300 | _a136 p ., | ||
| 650 | _aSex | ||
| 650 | _aMarriage | ||
| 942 | _cL | ||
| 999 |
_c2188 _d2188 |
||